000 00351nam a2200133 i 4500
001 bg
100 1 _aSOKOLOV, V. J.
245 0 _aOsnovy rasceta i konstruirovanija masin i apparatov piscevych proizvodstv /
_cV.J. Sokolov.
260 _aMoskva,
_c1983.
040 _cBPK
041 _apol
942 _cKS
008 s pl f |000 0 pol
999 _c23836
_d23836
856 _uhttp://koha.tu.koszalin.pl/cgi-bin/koha/opac-detail.pl?biblionumber=23836
_yKatalog online BPK